Ondrej v múzeu výber z tvorby ľudového majstra Pavla Šarišského

Bibliographic Details
Main Author: (mor) (Author)
Format: Article
Language:Slovak
PhysicalDescription:Fotogr.
ISSN:1336-4030
Subjects:

MARC

LEADER 00000nab a2200000 a 4500
001 vtls001521175
003 SK-MaSNL
005 20260303221647.0
008 050329c20041130xo dr n 000 00slo
015 |a SVKPORB2005/02 
040 |a SVKPOCL  |b slo  |c SVKPO  |e AACR2 
041 0 |a slo 
044 |a xo  |c SK 
080 |a 069.02:061.4  |2 UDC-MRF-SK3 
100 1 |a (mor)  |4 aut  |9 1068346 
245 1 0 |a Ondrej v múzeu  |b výber z tvorby ľudového majstra Pavla Šarišského  |c [autor] (mor) 
300 |b Fotogr. 
600 1 7 |a Šarišský, Pavol,  |d 1943-2004  |2 svkpocl  |9 692045 
610 2 7 |a Krajské múzeum (Prešov, Slovensko)  |2 svkpocl  |9 36111 
650 0 7 |a výstavy  |2 svkpocl  |9 2780 
651 7 |a Prešov (Slovensko)  |2 svkpocl  |9 17347 
773 0 |t Prešovský večerník  |g Roč. XV, č. 3602 (30.11.2004), s. 4  |x 1336-4030 
852 |a SVKPO  |b KIS3GCP 
999 |c 2235366  |d 2237296